00693cam a2200217 a 45000010005000000030009000050050017000140080041000310200015000720400028000870820021001151000024001362450116001602500025002762600041003013000046003425000020003886500027004087000022004357000018004571960BD-DhUAP20201224153539.0201224s1998 maua b 001 0 eng  a0072287004 aDLCcDLCdBD-DhUAPbeng00a658.1511 EDM223 aEdmonds, Thomas P.  aFundamental managerial accounting concepts :bfall 1998 /cThomas P. Edmonds, Cindy D. Edmonds and Bor-Yi Tsay. aPreliminary edition. aBoston :bIrwin/McGraw-Hill,cc1998. axii, 524 pages :billustrations ;c28 cm. aIncludes index. aManagerial accounting. aEdmonds, Cindy D. aTsay, Bor-Yi.